Loading...
| Literature - World | 0 | 5 | 0 | 0 | 50 | 102 | 123.60 | 4 | 5 | 0.00 | 0.00 |
| Fine Arts - Classical Music | 0 | 6 | 2 | 0 | 50 | 65 | 116.00 | 2 | 6 | 0.00 | 0.00 |
| History - Other | 0 | 4 | 0 | 0 | 40 | 90 | 115.25 | 3 | 4 | 0.00 | 0.00 |
| Fine Arts - Other | 0 | 4 | 0 | 0 | 40 | 85 | 116.25 | 3 | 4 | 0.00 | 0.00 |
| History - World | 0 | 4 | 1 | 0 | 35 | 55 | 90.50 | 2 | 4 | 0.00 | 0.00 |
| Fine Arts - Painting and Sculpture | 0 | 3 | 0 | 0 | 30 | 128 | 131.33 | 1 | 3 | 0.00 | 0.00 |
| Social Science | 0 | 3 | 0 | 1 | 30 | 75 | 94.00 | 2 | 3 | 0.00 | 0.00 |
| History - European | 0 | 3 | 2 | 1 | 20 | 84 | 113.67 | 0 | 3 | 0.00 | 0.00 |
| Religion | 0 | 2 | 0 | 0 | 20 | 75 | 82.50 | 2 | 2 | 0.00 | 0.00 |
| History - American | 0 | 3 | 2 | 0 | 20 | 86 | 99.33 | 1 | 3 | 0.00 | 0.00 |
| Mythology | 0 | 2 | 0 | 0 | 20 | 60 | 91.00 | 1 | 2 | 0.00 | 0.00 |
| Science - Other | 0 | 1 | 0 | 0 | 10 | 68 | 68.00 | 1 | 1 | 0.00 | 0.00 |
| Literature - British | 0 | 1 | 0 | 1 | 10 | 129 | 129.00 | 0 | 1 | 0.00 | 0.00 |
| Other Academic | 0 | 1 | 0 | 0 | 10 | 126 | 126.00 | 1 | 1 | 0.00 | 0.00 |
| Philosophy | 0 | 1 | 0 | 0 | 10 | 131 | 131.00 | 1 | 1 | 0.00 | 0.00 |
| Science - Physics | 0 | 1 | 0 | 0 | 10 | 114 | 114.00 | 0 | 1 | 0.00 | 0.00 |
| Literature - European | 0 | 0 | 0 | 0 | 0 | 0.00 | 0 | 0 | 0.00 | 0.00 | |
| Current Events | 0 | 0 | 0 | 0 | 0 | 0.00 | 0 | 0 | 0.00 | 0.00 |